Online katalóg knižníc regiónu Turca

V labyrinte hviezd / (Record no. 22734)

MARC details
000 -LEADER
fixed length control field 00928nam a22003011 4500
001 - CONTROL NUMBER
control field 22734
003 - CONTROL NUMBER IDENTIFIER
control field CZ PrNK
005 - DATE AND TIME OF LATEST TRANSACTION
control field 20260421162930.0
007 - PHYSICAL DESCRIPTION FIXED FIELD--GENERAL INFORMATION
fixed length control field ta
008 - FIXED-LENGTH DATA ELEMENTS--GENERAL INFORMATION
fixed length control field 990120s1981 xo af 000 | slo
020 ## - INTERNATIONAL STANDARD BOOK NUMBER
Qualifying information (Váz.) :
Terms of availability Kčs 18,00
040 ## - CATALOGING SOURCE
Original cataloging agency ABA001
Language of cataloging cze
Transcribing agency ABA001
Modifying agency ABA001
041 1# - LANGUAGE CODE
Language code of text/sound track or separate title slo
Language code of original rus
044 ## - COUNTRY OF PUBLISHING/PRODUCING ENTITY CODE
MARC country code xo
-- ru
080 ## - UNIVERSAL DECIMAL CLASSIFICATION NUMBER
Universal Decimal Classification number 52(023)=854
Edition identifier undef
100 1# - MAIN ENTRY--PERSONAL NAME
Personal name Maksimačev, Boris Aleksejevič,
Dates associated with a name 1923-2010
Relationship aut
245 10 - TITLE STATEMENT
Title V labyrinte hviezd /
Statement of responsibility, etc. B. Maksimačev, V. Komarov ; [preložil Juraj Šebesta]
250 ## - EDITION STATEMENT
Edition statement 1. vyd.
260 ## - PUBLICATION, DISTRIBUTION, ETC.
Place of publication, distribution, etc. Bratislava :
Name of publisher, distributor, etc. Obzor ;
Place of publication, distribution, etc. Moskva :
Name of publisher, distributor, etc. Mir,
Date of publication, distribution, etc. 1981
300 ## - PHYSICAL DESCRIPTION
Extent 191 s. :
Other physical details il. ;
Dimensions 21 cm +
Accompanying material 3 vol. příl.
490 1# - SERIES STATEMENT
Series statement Periskop
500 ## - GENERAL NOTE
General note Přeloženo z ruštiny
700 1# - ADDED ENTRY--PERSONAL NAME
Personal name Komarov, Viktor Nojevič,
Dates associated with a name 1924-2001
Relationship aut
765 0# - ORIGINAL LANGUAGE ENTRY
Title V zvezdnych labirintach (Orientirovanije po nebu)
830 #0 - SERIES ADDED ENTRY--UNIFORM TITLE
Uniform title Periskop (Obzor)
910 ## - USER-OPTION DATA (OCLC)
User-option data ABA001
942 ## - ADDED ENTRY ELEMENTS (KOHA)
Source of classification or shelving scheme Dewey Decimal Classification
Koha item type Krásna literatúra pre dospelých
Suppress in OPAC No
Holdings
Stav vyradenia Strata Poškodenie Spôsob nadobudnutia Domovská knižnica Aktuálna knižnica Dátum nadobudnutia Total checkouts Čiarový kód exemplára Date last seen Typ exemplára
      Dar Obecná knižnica Horná Štubňa Obecná knižnica Horná Štubňa 21.04.2026   4736202274 21.04.2026 Krásna literatúra pre dospelých
Projekt je podporený Slovenskou asociáciou knižníc
Prevádzkuje Turčianska knižnica Martin 2026